00557nam a2200193Ia 4500008004100000041001200041082001200053100001500065245006200080260002700142300000800169365000800177520001400185546001200199630006200211650001400273655001400287730006200301101110s9999 xx 000 0 und d aENGLISH bSR26104 aDesai R.G. aAgricultural economic: models, problems and policy issues c2001bHimalaya, Mumbai a323 b450 aEconomics aENGLISH aAgricultural economic: models, problems and policy issues aEconomics aEconomics aAgricultural economic: models, problems and policy issues